000 01112nam a2200301Ia 4500
003 OSt
005 20221007125430.0
006 a|||||r|||| 00| 0
007 ta
008 221006b |||||||| |||| 00| 0 eng d
020 _a8173193738 (pbk)
_cRs.395.00
024 _a10257
037 _bEducational,
_cTextual
040 _aCDL
_cCDL
_beng
041 _2eng
_aeng
082 _aE5:21, P2;5
100 _aAhluwalia V K
245 0 _aOrganic reaction mechanisms by V K Ahluwalia and R K Parashar
_b Parashar R K
260 _aNew
_bDelhi Narosa Pub. House
_c2002
300 _axx, 609p
_ccm.
500 _aIncludes bibliographical references; Index 603-609p; ^n23/CSL/CARC/2002-2003/587^d2003-01-03^mPurchase; ; 2002-03/750^b2003-02-26^cEBA/563/2002-03^d2003-02-17^eRs.12,307.00^fEducational Book Agency (India); ; 2003-03-24^bSB^c2003-04-04^dRPS
650 _a Chemical reaction
_9715720
650 _a Organic
650 _aChemistry
700 _a Parashar R K
942 _hE5:21, P2;5
_cTEXL
_2CC
999 _c1215263
_d1215263